| 000 | 00856cab a2200265 4500 | ||
|---|---|---|---|
| 001 | ABS59234 | ||
| 008 | 090401t1998 xxu||||| |||| 00| 0 eng d | ||
| 035 | _a(Sirsi) u88396 | ||
| 041 | _aeng | ||
| 100 | _aPaice, Catherine | ||
| 245 | _aDirt cheap | ||
| 260 | _c1998 | ||
| 350 | _a0 | ||
| 490 |
_aEstates Gazette _v(9835) 29 August 1998, 78-79(2) |
||
| 520 | _aReviews activity in the agricultural sector looking at farm and land prices, vacant land, and the residential influence on the sector. Discusses the forecasts of the land price model, devised for the journal Farmland Market. | ||
| 650 | _aAGRICULTURAL LAND PRICES | ||
| 650 | _aFORECASTS | ||
| 650 | _aINVESTMENT MARKET | ||
| 650 | _aRESIDENTIAL MARKET | ||
| 650 | _aTENANTED FARMS | ||
| 650 | _aVACANT LAND | ||
| 690 | _aRURAL PRACTICE | ||
| 942 | _n0 | ||
| 948 | _c09/09/1998 | ||
| 999 |
_c55834 _d55834 |
||